| 000 | 00582nam a2200205Ii 4500 | ||
|---|---|---|---|
| 001 | 19954 | ||
| 003 | CO-ViMGA | ||
| 008 | 241108s9999||||xx |||||||||||||| ||und|| | ||
| 020 | _a958927286X | ||
| 040 |
_aCO-ViMGA _bspa _erda _cCO-ViMGA |
||
| 041 | 0 | _aspa | |
| 082 | 0 | 4 | _a303.6 C65 |
| 245 | 1 | 0 |
_aConflictos regionales : _bAmazonÃa y Orinoquia |
| 264 | 1 | _aBogotá, Colombia : Fescol, 1998 | |
| 300 | _avolumen | ||
| 336 |
_atext _btxt _2rdacontent |
||
| 337 |
_aunmediated _bn _2rdamedia |
||
| 338 |
_avolume _bnc _2rdacarrier |
||
| 940 | _aidficha_siabuc: 19610. -- ficha_no_siabuc:19954 | ||
| 999 |
_c48299 _d48299 |
||